000 02225nam a2200349 a 4500
001 41371
003 BD-RjUL
005 20211209053356.0
008 181024m19811973ii ||||| |||| 00| d ben d
020 _c: IRs. 20.00 (V-1)
020 _c: IRs. 20.00 (V-2)
020 _c: IRs. 25.00 (V-3)
020 _c: IRs. 30.00 (V-4)
020 _c: IRs. 35.00 (V-5)
035 _a(BD-RjUL)41488
040 _aBD-RjUL
_bben
_cBD-RjUL
041 _aben
082 _223
_a822.33
_bSHS V-1-V-5 1978-1981
100 1 _aশেকসপীয়র, উইলিয়াম
_9123739
245 1 0 _aশেকসপীয়র রচনাবলী /
_cউইলিয়াম শেকসপীয়র ; বিশেষ অনুপ্রেরণা ও প্রয়োজনীয় নির্দেশ দিয়েছেন: দেবব্রত মুখোপাধ্যায়, জগন্নাথ চক্রবর্তী, অলোকরঞ্জন দাশগুপ্ত ; সম্পাদক, গৌতম নিয়োগী ; সংযুক্ত সম্পাদক: সুব্রত গঙ্গোপাধ্যায়
260 _aকলিকাতা :
_bরিফ্লেক্ট পাবলিকেশন,
_c১৯৭৩-১৯৭৬ [মুদ্রণ ১৯৭৭-১৯৮১]
300 _a খণ্ড ;
_c২২ সেমি.
505 0 _aখণ্ড ১ --- খণ্ড ২ -- খণ্ড ৩ --- খণ্ড ৪ --- খণ্ড ৫
650 _aইংরেজী নাটক
_9126570
_xরচনা সংগ্রহ
650 _aEnglish Drama
_9166687
_xCollected works
700 _aমুখোপাধ্যায়, দেবব্রত , নির্দেশক
_9224253
700 _aচক্রবর্তী, জগন্নাথ, যুগ্ম নির্দেশক
_9224254
700 _aদাশগুপ্ত, অলোকরঞ্জন, যুগ্ম নির্দেশক
_9224255
700 _aনিয়োগী, গৌতম, সম্পাদক
_9224256
700 _aগঙ্গোপাধ্যায়, সুব্রত, যুগ্ম সম্পাদক
_9224257
942 _2ddc
_cRAR
999 _c41371
_d41371